[Event "AUT-ch U16"]
[Site "Bad Ischl"]
[Date "2007.04.03"]
[Round "6"]
[White "Klocker, Samuel"]
[Black "Gurdet, Daniel"]
[Result "1-0"]
[WhiteElo "1729"]
[BlackElo "1730"]
[PlyCount "51"]
[EventDate "2007.03.31"]
[EventType "swiss"]
[EventRounds "7"]
[EventCountry "AUT"]
[SourceTitle "EXT 2008"]
[Source "ChessBase"]
[SourceDate "2007.11.25"]
[SourceVersion "1"]
[SourceVersionDate "2007.11.25"]
[SourceQuality "1"]

1. e4 e6 2. d4 d5 3. exd5 exd5 4. Bd3 c5 5. dxc5 Bxc5 6. Nf3 Nc6 7. 0-0 Nge7 8. Bf4 0-0 9. Re1 Bf5 10. Nc3 Bxd3 11. Qxd3 d4 12. Ne4 Bb4 13. Re2 Ng6 14. Bd2 Nge5 15. Nxe5 Nxe5 16. Qb5 d3 17. cxd3 Qxd3 18. Qxe5 Rae8 19. Qxe8 Rxe8 20. Nf6+ gxf6 21. Rxe8+ Kg7 22. Bxb4 Qb5 23. Re4 f5 24. Bc3+ Kg6 25. Re3 a5 26. Re5 1-0

[Event "Graz op-B 12th"]
[Site "Graz"]
[Date "2005.09.07"]
[Round "5"]
[White "Gurdet, Daniel"]
[Black "Bilalli, Arsim"]
[Result "1/2-1/2"]
[WhiteElo "1675"]
[BlackElo "1876"]
[PlyCount "142"]
[EventDate "2005.09.03"]
[EventType "swiss"]
[EventRounds "9"]
[EventCountry "AUT"]
[SourceTitle "EXT 2024"]
[Source "ChessBase"]
[SourceDate "2023.10.10"]
[SourceVersion "1"]
[SourceVersionDate "2023.10.10"]
[SourceQuality "1"]

1. e4 e5 2. Nf3 Nc6 3. Bb5 Bc5 4. c3 d6 5. h3 Nf6 6. Bxc6+ bxc6 7. Qe2 0-0 8. 0-0 d5 9. d4 Bb6 10. Nxe5 Nxe4 11. Nxc6 Qd6 12. Ne5 f6 13. Nf3 Re8 14. Be3 a5 15. Re1 Ba6 16. Qc2 c6 17. Nbd2 Bc7 18. Nf1 Kf7 19. g3 Qe6 20. Kg2 Bc8 21. g4 h5 22. N3h2 hxg4 23. hxg4 Rh8 24. f3 Bxh2 25. Nxh2 Qd6 26. Kg1 Qg3+ 27. Qg2 Qxg2+ 28. Kxg2 Nd6 29. b3 Ba6 30. Bd2 a4 31. Reb1 Bd3 32. Re1 Rhb8 33. Bf4 Rd8 34. Bxd6 Rxd6 35. b4 a3 36. Re3 Bc4 37. Nf1 Re6 38. Rxe6 Kxe6 39. Nd2 Bb5 40. Nb3 f5 41. Na5 Kf6 42. Re1 fxg4 43. fxg4 Kg5 44. Kg3 Rf8 45. Re5+ Kh6 46. Re1 Kg5 47. Re5+ Kh6 48. Re1 g6 49. Nb3 Bc4 50. Nd2 Bxa2 51. Ra1 Bc4 52. Nxc4 dxc4 53. Rxa3 Re8 54. Kf4 Rf8+ 55. Kg3 Re8 56. Kf4 Rf8+ 57. Kg3 Re8 58. Ra6 Re3+ 59. Kf4 Rxc3 60. Rxc6 Rc1 61. g5+ Kh5 62. Rc5 c3 63. Ke3 Rb1 64. b5 c2 65. Kd2 c1Q+ 66. Rxc1 Rxb5 67. Rc5 Rb1 68. Re5 Kg4 69. Kd3 Kf4 70. Kc4 Rc1+ 71. Kd5 Rd1 1/2-1/2